000 00547nam a2200217 454500
001 030372
003 BD-ChCU
008 Eng
020 _a0256023018
040 _aDLC
_cDLC
_dBD-ChCU
082 0 0 _a157/P946a
100 1 _aPrice, Richard H.
_bLynn, Steven J.
245 1 0 _aAbnormal psychology in the hyman context
_bx
250 _ax
260 _aIllionis
_bThe Dorsey Press
_c1981
300 _axix, 615
504 _aIncludes
650 0 _aPsychology, Pathologicl
_bPsychology,Physicological
700 1 _ax
942 _2ddc
_cBK
999 _c30372
_d30372